| 000 | 00397nam a22001577a 4500 | ||
|---|---|---|---|
| 005 | 20180202094632.0 | ||
| 008 | 160427b xxu||||| |||| 00| 0 eng d | ||
| 020 | _a978-01-07-047297-6 | ||
| 041 | _aeng | ||
| 082 |
_b00277 _a004.6 |
||
| 100 |
_aGodbole, Achyut, S _94046 |
||
| 245 | _aData Communications and Networks | ||
| 260 |
_aNew Delhi _bTata MC Graw Hill, _c2008 |
||
| 300 | _a503 | ||
| 942 | _cBK | ||
| 999 |
_c92 _d92 |
||